Taylor Swift - Compléter le bridge de Cruel Summer - Statistiques

Statistiques générales
  • Ce quiz a été pris 2 451 fois
  • Le résultat moyen est 6 sur 9
Statistiques - réponses
Question Réponse % Correct
And I cried like a baby coming home from the ... bar
99%
I drunk in the back of ... the car
98%
Said, "..." but it wasn't true I'm fine
90%
I don't wanna keep secrets just to keep you
75%
He looks ... a devil up grinning like
64%
"I love you" ... the worst thing you ever heard? ain't that
59%
Every night that summer just to ... (oh) seal my fate
59%
And I ... through the garden gate snuck in
48%
And I ... for whatever it's worth screamed
32%
Aucun quiz correspondant
Distribution des résultats
% des personnes avec chaque résultat
Percentile par nombre de réponses
Votre historique - résultats
Vous n’avez pas pris ce quiz